Statistics for NASCAR Monster Energy Series Race Track Nicknames

Click here to take the quiz!

General Stats

  • This quiz has been taken 284 times
  • The average score is 14 of 16

Answer Stats

Track NameAnswer% Correct
"World Center of Racing"Daytona International Raceway
98%
"The Brickyard"Indianapolis Motor Speedway
95%
"The Monster Mile"Dover International Speedway
94%
"Dega"Talladega Superspeedway
94%
"The Tricky Triangle"Pocono Raceway
93%
"The Glen"Watkins Glen International
92%
"The Last Great Colosseum"Bristol Motor Speedway
90%
"The Lady in Black"Darlington Raceway
90%
"The Paperclip"Martinsville Raceway
90%
"Fontana"Auto Club Speedway
88%
"The Jewel of the Desert"ISM Raceway
87%
"Sin City"Las Vegas Motor Speedway
84%
"The Magic Mile"New Hampshire Motor Speedway
76%
"The Fastest Track in the South"Atlanta Motor Speedway
74%
"The Beast of the Southeast"Charlotte Motor Speedway
74%
"The Great American Speedway"Texas Motor Speedway
67%

Score Distribution

Percentile by Number Answered

Percent of People with Each Score

Your Score History

You have not taken this quiz